Panorama of Himalayan architecture / (Record no. 68807)

MARC details
000 -LEADER
fixed length control field 01240nam a22002417a 4500
005 - DATE AND TIME OF LATEST TRANSACTION
control field 20120731112045.0
010 ## - LCCN (DPL NO)
LC control number B-454631-632
020 ## - INTERNATIONAL STANDARD BOOK NUMBER
International Standard Book Number 9788173872129 (vol.1)
Terms of availability 1500.00 (vol.1)
020 ## - INTERNATIONAL STANDARD BOOK NUMBER
International Standard Book Number 9788173872136
Terms of availability 1200.00 (vol.2)
035 ## - SYSTEM CONTROL NUMBER
System control number B-454631-632
037 ## - SOURCE OF ACQUISITION
Stock number dpl
Source of stock number/acquisition Blueberry Pub/Ven
100 ## - MAIN ENTRY--PERSONAL NAME
Personal name Handa, O.C.
245 ## - TITLE STATEMENT
Title Panorama of Himalayan architecture /
Statement of responsibility, etc by O.C.Honda
260 ## - PUBLICATION, DISTRIBUTION, ETC. (IMPRINT)
Place of publication, distribution, etc New Delhi
Name of publisher, distributor, etc Indus Publishing
Date of publication, distribution, etc 2008
270 ## - ADDRESS
Address FS-5 Tagore Garden
City New Delhi
300 ## - PHYSICAL DESCRIPTION
Extent 2v. (280 p.; 192p.)
Dimensions 23cm
Other physical details photos
500 ## - GENERAL NOTE
General note it includes index
505 ## - FORMATTED CONTENTS NOTE
Formatted contents note v.1--Temples. v.2--Buddhist monasteries, castles & forts, and traditional houses.
942 ## - ADDED ENTRY ELEMENTS (KOHA)
Source of classification or shelving scheme Dewey Decimal Classification
Item type English Books
Call number suffix HAN
Classification part 720.954
Holdings
Withdrawn status Lost status Materials specified (bound volume or other part) Not for loan Collection code Home library Current library Date acquired Source of acquisition Cost, normal purchase price Full call number Barcode Copy number Cost, replacement price Koha item type
    v.1 Not For Loan Reference Central Library Central Library 07/08/2012 Blue Berry/7232/09.11.2011/06/15.09.2011/30.11.2011 1500.00 720.954 HAN B-454631 1 1500.00 English Books
    v.2 Not For Loan Reference Central Library Central Library 07/08/2012 Blue Berry/7232/09.11.2011/06/15.09.2011/30.11.2011 1200.00 720.954 HAN B-454632 1 1200.00 English Books

© Delhi Public Library
Hit Counter
free hit counter